Nervi Cranici - Statistics

Statistiche generali
  • Questo quiz è stato fatto 17 volte
  • Il punteggio medio è 6 su 12
Statistiche sulle risposte
Numero Nervo % Corretto
V Trigemino
91%
II Ottico
82%
X Vago
64%
XII Ipoglosso
55%
III Oculomotore
55%
VII Facciale
45%
I Olfattivo
45%
IV Trocleare
45%
VIII Vestibolococleare
45%
VI Abducente
36%
XI Accessorio
36%
IX Glossofaringeo
27%
Nessun quiz corrispondente trovato
Distribuzione punteggi
Percentuale di utenti per punteggio
Percentile per numero di risposta
I tuoi punteggi nel tempo
Non hai fatto questo quiz